| 000 | 00682cam a22001697a 4500 | ||
|---|---|---|---|
| 008 | 180718b1981 xxu||||| |||| 00| 0 eng d | ||
| 082 | _aL242x94 Au78 | ||
| 100 | _aPedrick, Willard H. | ||
| 245 |
_aOh, to die down under! abolition of death and gift duties in Australia _cby Willard H. Pedrick |
||
| 260 |
_aCanberra _bCentre for Research on Federal Financial Relations _c1981 |
||
| 300 | _a141p. | ||
| 440 | _aCentre for Research on Federal Financial Rational no.44 | ||
| 500 | _aAustralian National University | ||
| 650 | _aGift Tax - Australia | ||
| 650 | _aEstate Tax - Australia | ||
| 700 | _aAustralian National University,Centre for Research on Federal Financial Relations | ||
| 999 |
_c476223 _d476223 |
||